[Event "CAN-ch U20 2003"]
[Site "Shawinigan CAN"]
[Date "2003.01.06"]
[Round "6.4"]
[White "Charbonneau, Anne-Marie"]
[Black "Panjwani, Raja"]
[Result "0-1"]
[WhiteElo "1900"]
[BlackElo "2163"]
[PlyCount "154"]
[EventDate "2003.01.03"]
[EventType "swiss"]
[EventRounds "7"]
[EventCountry "CAN"]

1. d4 Nf6 2. c4 e6 3. Nf3 b6 4. a3 Ba6 5. Qc2 d5 6. cxd5 exd5 7. Bg5 Be7 8.
Nbd2 h6 9. Bh4 O-O 10. e3 Bxf1 11. Nxf1 Ne4 12. Bxe7 Qxe7 13. N1d2 Rc8 14. Nxe4
Qxe4 15. Qxe4 dxe4 16. Nd2 f5 17. Ke2 c5 18. dxc5 Rxc5 19. Rac1 Nd7 20. Rxc5
Nxc5 21. Rc1 Rd8 22. Rc2 Ne6 23. Nb3 Kf7 24. Rd2 Rxd2+ 25. Kxd2 Kf6 26. Kc3 Ke5
27. Kc4 g5 28. Kb5 Nc7+ 29. Kc4 Ne6 30. Kb5 Nc7+ 31. Kc4 Ne8 32. Nd4 Nd6+ 33.
Kb4 Kd5 34. a4 a6 35. b3 f4 36. g3 Nf7 37. Kc3 f3 38. Nc2 Ne5 39. Nb4+ Ke6 40.
Kd4 Kf5 41. h3 h5 42. Kc3 a5 43. Nd5 Nd3 44. Nxb6 Nxf2 45. Nc4 Nxh3 46. b4 f2
47. Nd2 axb4+ 48. Kxb4 Ke6 49. Kb5 Kd7 50. Kb6 Kc8 51. a5 Ng1 52. Kc6 Nf3 53.
Nf1 h4 54. gxh4 gxh4 55. a6 Kb8 56. Kd5 h3 57. Kxe4 h2 58. Kxf3 h1=Q+ 59. Kxf2
Ka7 60. Ng3 Qh8 61. e4 Qe5 62. Kf3 Kxa6 63. Nf5 Kb6 64. Ne3 Kc5 65. Ng4 Qg5 66.
e5 Kd5 67. Kg3 Ke6 68. Kf3 Kf5 69. Ne3+ Kxe5 70. Ng4+ Kd4 71. Nf2 Qf5+ 72. Ke2
Qf4 73. Nd1 Qe4+ 74. Kf1 Qf3+ 75. Ke1 Qg2 76. Nf2 Ke3 77. Nd1+ Kf3 0-1

[Event "CAN-ch U20 2003"]
[Site "Shawinigan CAN"]
[Date "2003.01.06"]
[Round "7.3"]
[White "Panjwani, Raja"]
[Black "Masse, Hugues"]
[Result "0-1"]
[WhiteElo "2163"]
[BlackElo "2171"]
[PlyCount "86"]
[EventDate "2003.01.03"]
[EventType "swiss"]
[EventRounds "7"]
[EventCountry "CAN"]

1. d4 Nf6 2. Nf3 g6 3. Bg5 Bg7 4. Nbd2 d5 5. e3 O-O 6. Be2 c5 7. O-O Qb6 8. b3
cxd4 9. Nxd4 Nc6 10. Nxc6 bxc6 11. c4 h6 12. Bxf6 Bxf6 13. Rc1 Qa5 14. Bf3 Rd8
15. Qc2 Ba6 16. Rfd1 Rac8 17. g3 Kg7 18. Kg2 Qa3 19. h4 h5 20. Qb1 e6 21. e4 d4
22. Be2 c5 23. Bd3 Qa5 24. Nf3 Bb7 25. Ng5 Bxg5 26. hxg5 Rh8 27. Rh1 Qd2 28.
Rh4 Qxg5 29. Rch1 Qe7 30. f3 e5 31. Qc1 Bc6 32. Qd2 Bd7 33. Kf1 Rcf8 34. Qh2
Qg5 35. f4 Qe7 36. f5 Qg5 37. Qf2 Rh6 38. Kg2 Bc6 39. Rf1 gxf5 40. Qxf5 Qd2+
41. Rf2 Qxd3 42. Qg5+ Rg6 43. Qxh5 Bxe4+ 0-1

[Event "Whig-Standard"]
[Site "Kingston CAN"]
[Date "2002.12.09"]
[Round "4"]
[White "Panjwani, Raja"]
[Black "Coppin, Wayne"]
[Result "0-1"]
[WhiteElo "2132"]
[BlackElo "2070"]
[PlyCount "104"]
[EventDate "2002.11.18"]
[EventType "swiss"]
[EventRounds "8"]
[EventCountry "CAN"]

1. b3 e5 2. Bb2 Nc6 3. e3 Nf6 4. Bb5 Bd6 5. Ne2 O-O 6. Ng3 Re8 7. d3 Nb8 8. d4
c6 9. dxe5 Bxe5 10. Bxe5 Rxe5 11. Bd3 d5 12. O-O Nbd7 13. Nd2 Nc5 14. Be2 Qe7
15. Nf3 Re6 16. Nd4 Re5 17. Nf3 Re6 18. Nf5 Qf8 19. N3d4 Re5 20. g4 Nce4 21. g5
Nc3 22. Qd3 Nxe2+ 23. Qxe2 Ne4 24. Ng3 Rxg5 25. Qf3 Nd2 26. Qg2 Nxf1 27. Rxf1
Qe7 28. Nf3 Rg6 29. Kh1 Bg4 30. Rg1 Qf6 31. Ne1 Re8 32. f3 Bd7 33. Qf2 Qe5 34.
Ng2 c5 35. Rd1 Bc6 36. b4 cxb4 37. Rd4 a5 38. f4 Qe7 39. Nf5 Qf6 40. Ngh4 Bd7
41. Nxg6 Bxf5 42. Nh4 Be4+ 43. Nf3 Qg6 44. Qg2 Rc8 45. Rd2 Qh5 46. Rf2 Rc3 47.
Kg1 h6 48. Qg3 Rxe3 49. Rg2 g6 50. f5 Qxf5 51. Qb8+ Kh7 52. Rxg6 Qxg6+ 0-1

[Event "Wch-U12"]
[Site "Heraklio GRE"]
[Date "2002.11.17"]
[Round "3.1"]
[White "Panjwani, Raja"]
[Black "Nepomniashchy, Yan"]
[Result "0-1"]
[WhiteElo "2127"]
[BlackElo "2344"]
[PlyCount "54"]
[EventDate "2002.11.15"]
[EventType "swiss"]
[EventRounds "11"]
[EventCountry "GRE"]

1. b3 e5 2. Bb2 Nc6 3. e3 g6 4. Bb5 Nge7 5. f4 Bg7 6. Nf3 d6 7. fxe5 O-O 8. O-O
dxe5 9. Bc4 h6 10. e4 a6 11. a4 Rb8 12. Nc3 Na5 13. Nd5 Nxc4 14. bxc4 c6 15.
Ne3 Qc7 16. c5 Be6 17. Qe2 Rbe8 18. Nc4 Bxc4 19. Qxc4 Kh7 20. d4 exd4 21. Nxd4
Ng8 22. Rae1 Be5 23. h3 Nf6 24. Kh1 Nh5 25. Rf3 Ng3+ 26. Kg1 Nxe4 27. Rfe3 Bh2+
0-1

[Event "Guelph ProAm int"]
[Site "Guelph CAN"]
[Date "2002.08.07"]
[Round "1"]
[White "Pushkedra, Frank"]
[Black "Panjwani, Raja"]
[Result "1-0"]
[WhiteElo "2303"]
[BlackElo "2135"]
[PlyCount "60"]
[EventDate "2002.08.07"]
[EventType "swiss"]
[EventRounds "9"]
[EventCountry "CAN"]

1. e4 c5 2. Nf3 Nc6 3. d4 cxd4 4. Nxd4 e5 5. Nb5 a6 6. Nd6+ Bxd6 7. Qxd6 Qf6 8.
Qa3 Qg6 9. Be3 Nf6 10. Nc3 d6 11. Qxd6 Be6 12. Bd3 Rd8 13. Qa3 Nd4 14. O-O-O
Qxg2 15. Rhg1 Qxh2 16. Rh1 Qg2 17. Rdg1 Qf3 18. Rh4 Ng4 19. Bxd4 exd4 20. Nd5
Rxd5 21. Bb5+ Rxb5 22. Qxf3 h5 23. Qg3 Rh6 24. f3 g5 25. Rhh1 Ne3 26. Qd6 Nc4
27. Qb8+ Kd7 28. Rd1 Kc6 29. b3 Ne3 30. Rxd4 Rc5 1-0

[Event "Guelph ProAm int"]
[Site "Guelph CAN"]
[Date "2002.08.08"]
[Round "2"]
[White "Panjwani, Raja"]
[Black "Raheb, David"]
[Result "0-1"]
[WhiteElo "2135"]
[BlackElo "2219"]
[PlyCount "58"]
[EventDate "2002.08.07"]
[EventType "swiss"]
[EventRounds "9"]
[EventCountry "CAN"]

1. e4 c5 2. Nc3 a6 3. g3 b5 4. Bg2 Bb7 5. d3 e6 6. f4 Ne7 7. Nf3 d5 8. exd5
Nxd5 9. Nxd5 Bxd5 10. O-O Nd7 11. Re1 Be7 12. Ne5 Bxg2 13. Kxg2 Nxe5 14. Rxe5
O-O 15. Qf3 Rc8 16. a4 Bf6 17. Re2 c4 18. dxc4 Rxc4 19. axb5 axb5 20. Qb7 Qd1
21. Qf3 Rxc2 22. Rxc2 Qxc2+ 23. Qf2 Qc4 24. Qf1 Qc2+ 25. Qf2 Rc8 26. Qxc2 Rxc2+
27. Kh1 h5 28. Rb1 b4 29. b3 Re2 0-1

[Event "Guelph ProAm int"]
[Site "Guelph CAN"]
[Date "2002.08.08"]
[Round "3"]
[White "Rolfe, Warrick"]
[Black "Panjwani, Raja"]
[Result "1-0"]
[WhiteElo "2221"]
[BlackElo "2135"]
[PlyCount "39"]
[EventDate "2002.08.07"]
[EventType "swiss"]
[EventRounds "9"]
[EventCountry "CAN"]

1. e4 d6 2. d4 Nf6 3. Nc3 g6 4. f3 c6 5. Be3 b5 6. a3 a6 7. g4 Nfd7 8. Qd2 h5
9. gxh5 Rxh5 10. Nge2 Nf6 11. O-O-O Nbd7 12. Nf4 Rh8 13. e5 g5 14. exf6 gxf4
15. fxe7 Bxe7 16. Bxf4 Rh4 17. Re1 Kf8 18. Bh6+ Ke8 19. Bg5 Ne5 20. Bxe7 1-0

[Event "Guelph ProAm int"]
[Site "Guelph CAN"]
[Date "2002.08.09"]
[Round "4"]
[White "Rodina, Nataliya"]
[Black "Panjwani, Raja"]
[Result "1-0"]
[WhiteElo "1879"]
[BlackElo "2135"]
[PlyCount "107"]
[EventDate "2002.08.07"]
[EventType "swiss"]
[EventRounds "9"]
[EventCountry "CAN"]

1. e4 c5 2. Nc3 Nc6 3. f4 g6 4. Nf3 Bg7 5. Bc4 e6 6. d3 Nge7 7. O-O d5 8. Bb3
a6 9. Qe1 O-O 10. Qh4 b5 11. f5 gxf5 12. Bh6 fxe4 13. Ng5 Ng6 14. Qh5 f5 15.
Nxh7 Qh4 16. Qxh4 Nxh4 17. Bxg7 Kxg7 18. Nxf8 c4 19. dxc4 dxc4 20. Rf4 cxb3 21.
cxb3 Nxg2 22. Kxg2 Kxf8 23. Nxe4 e5 24. Rf2 Ke7 25. Nc3 Bb7 26. Kf1 Nd4 27. Rd1
b4 28. Ne2 Nc2 29. Rc1 Rc8 30. Kg1 Rg8+ 31. Ng3 Nd4 32. Rc7+ Kd6 33. Rxb7 f4
34. Rg2 fxg3 35. hxg3 Kc5 36. Rc7+ Kd5 37. g4 e4 38. Kf2 Rf8+ 39. Ke1 e3 40.
Re7 Rf3 41. Rd7+ Ke4 42. Rxd4+ Kxd4 43. Ke2 Rf8 44. g5 Rc8 45. Rg4+ Ke5 46.
Kxe3 a5 47. g6 Kf5 48. Rg2 Ke5 49. g7 Rg8 50. a3 Kd5 51. Kf4 Ke6 52. Ke4 Kd6
53. Kf5 a4 54. bxa4 1-0

[Event "Guelph ProAm int"]
[Site "Guelph CAN"]
[Date "2002.08.09"]
[Round "5"]
[White "Panjwani, Raja"]
[Black "Wight, Keith"]
[Result "1-0"]
[WhiteElo "2135"]
[BlackElo "2147"]
[PlyCount "55"]
[EventDate "2002.08.07"]
[EventType "swiss"]
[EventRounds "9"]
[EventCountry "CAN"]

1. d4 Nf6 2. Nf3 c5 3. d5 e6 4. Nc3 exd5 5. Nxd5 Nxd5 6. Qxd5 Be7 7. Bf4 O-O 8.
O-O-O Nc6 9. a3 Qb6 10. Nd2 Nd4 11. e3 Ne6 12. Nc4 Qd8 13. Bd6 Bxd6 14. Nxd6
Qc7 15. Nxc8 Raxc8 16. Qxd7 Qe5 17. Qd5 Qf6 18. Qf3 Qe7 19. Bb5 Rc7 20. Rd5 c4
21. Rhd1 c3 22. b4 a5 23. Rd7 Rxd7 24. Rxd7 Qh4 25. Qg3 Qh5 26. Bc4 Qf5 27. Qf3
Qg5 28. Rxf7 1-0

[Event "Guelph ProAm int"]
[Site "Guelph CAN"]
[Date "2002.08.10"]
[Round "6"]
[White "Buscar, Michael"]
[Black "Panjwani, Raja"]
[Result "1/2-1/2"]
[WhiteElo "2041"]
[BlackElo "2135"]
[PlyCount "43"]
[EventDate "2002.08.07"]
[EventType "swiss"]
[EventRounds "9"]
[EventCountry "CAN"]

1. d4 Nf6 2. c4 e6 3. Nc3 Bb4 4. e3 Ne4 5. Qc2 f5 6. Bd3 O-O 7. Nf3 b6 8. O-O
Bxc3 9. bxc3 Bb7 10. Ne1 Qh4 11. f3 Ng5 12. Qf2 Qh5 13. Qg3 d6 14. Rb1 Rf6 15.
e4 Rg6 16. Bxg5 Rxg5 17. Qf4 Nd7 18. h4 Rg6 19. exf5 Rf8 20. Rb5 Rh6 21. g3 a6
22. Rb2 1/2-1/2

[Event "Guelph ProAm int"]
[Site "Guelph CAN"]
[Date "2002.08.10"]
[Round "7"]
[White "Panjwani, Raja"]
[Black "Demmery, Steve"]
[Result "1-0"]
[WhiteElo "2135"]
[BlackElo "2160"]
[PlyCount "103"]
[EventDate "2002.08.07"]
[EventType "swiss"]
[EventRounds "9"]
[EventCountry "CAN"]

1. d4 d5 2. Nf3 Bf5 3. c4 e6 4. Nc3 c6 5. Qb3 Qb6 6. c5 Qxb3 7. axb3 Nf6 8. Bf4
Nbd7 9. h3 Be7 10. b4 O-O 11. b5 cxb5 12. Nxb5 a6 13. Nc3 Ne4 14. Nxe4 dxe4 15.
Nd2 e5 16. dxe5 Nxc5 17. g4 Bg6 18. Bg2 f6 19. O-O fxe5 20. Bxe5 Rad8 21. Bc3
b5 22. Bb4 e3 23. fxe3 Rfe8 24. Bc6 Nd7 25. Ba5 Bc5 26. Bxd8 Bxe3+ 27. Kg2 Rxd8
28. Bxd7 Bxd2 29. Bc6 h5 30. Rxa6 hxg4 31. hxg4 b4 32. Ra8 Rxa8 33. Bd5+ Kh8
34. Rh1+ Bh7 35. Bxa8 g6 36. Rd1 Bg5 37. Rd5 Be7 38. Rd7 Bg5 39. e4 Bg8 40. Bd5
Bxd5 41. exd5 Bf6 42. b3 Kg8 43. Rb7 Bc3 44. Kf3 Kf8 45. Ke4 Ke8 46. d6 Kd8 47.
Kd5 Kc8 48. d7+ Kd8 49. Ke6 Be5 50. Kxe5 g5 51. Kd5 Ke7 52. Kc6 1-0

[Event "Guelph ProAm int"]
[Site "Guelph CAN"]
[Date "2002.08.11"]
[Round "8"]
[White "Panjwani, Raja"]
[Black "Brice, Ron"]
[Result "1-0"]
[WhiteElo "2135"]
[BlackElo "2070"]
[PlyCount "103"]
[EventDate "2002.08.07"]
[EventType "swiss"]
[EventRounds "9"]
[EventCountry "CAN"]

1. d4 Nf6 2. Nf3 g6 3. Bg5 Bg7 4. Nbd2 b6 5. e3 Bb7 6. Bd3 c5 7. c3 O-O 8. a4
a6 9. a5 cxd4 10. cxd4 b5 11. Nb3 d6 12. Bxf6 Bxf6 13. e4 Nd7 14. Qd2 Rc8 15.
O-O Bg7 16. Rfc1 h5 17. d5 e6 18. dxe6 fxe6 19. Ng5 Qf6 20. Rxc8 Rxc8 21. Rc1
Rxc1+ 22. Qxc1 Ne5 23. Be2 Nc6 24. g4 h4 25. Qe3 Bh6 26. Qb6 Bxg5 27. Qxb7 Ne7
28. Qxa6 h3 29. Qxb5 Bh4 30. Qb6 Qxb2 31. Bf1 Nc6 32. Qe3 Ne5 33. f3 Qb1 34.
Nd2 Qd1 35. a6 Nc6 36. Qc3 Bg5 37. Nb3 Kf7 38. Qd3 Qe1 39. Qe2 Qb1 40. Nd2 Qb2
41. Nc4 Qd4+ 42. Qf2 Qa1 43. Nxd6+ Kg7 44. f4 Bd8 45. f5 Qb1 46. Kh1 Bb6 47.
f6+ Kf8 48. Qf3 Qb4 49. Qxh3 Qxd6 50. Qh8+ Kf7 51. Qg7+ Ke8 52. f7+ 1-0

[Event "Guelph ProAm int"]
[Site "Guelph CAN"]
[Date "2002.08.11"]
[Round "9"]
[White "Day, Lawrence"]
[Black "Panjwani, Raja"]
[Result "1/2-1/2"]
[WhiteElo "2433"]
[BlackElo "2135"]
[PlyCount "21"]
[EventDate "2002.08.07"]
[EventType "swiss"]
[EventRounds "9"]
[EventCountry "CAN"]

1. Nf3 d5 2. g3 c5 3. Bg2 g6 4. O-O Bg7 5. d3 Nc6 6. e4 d4 7. c4 e5 8. Nbd2
Nge7 9. Ne1 O-O 10. a3 a5 11. b3 1/2-1/2

[Event "CAN/QC op"]
[Site "Montreal CAN"]
[Date "2002.07.14"]
[Round "3"]
[White "Linskiy, Oleg"]
[Black "Panjwani, Raja"]
[Result "1-0"]
[WhiteElo "2473"]
[BlackElo "2065"]
[PlyCount "66"]
[EventDate "2002.07.13"]
[EventType "swiss"]
[EventRounds "9"]
[EventCountry "CAN"]

1. e4 c5 2. Nc3 Nc6 3. Nf3 g6 4. d4 cxd4 5. Nxd4 Bg7 6. Nb3 Nf6 7. Be2 O-O 8.
O-O a5 9. a4 Nb4 10. Bg5 d5 11. exd5 Nfxd5 12. Nxd5 Nxd5 13. Bf3 Nf6 14. Qe2 h6
15. Bf4 Nd5 16. Be5 e6 17. Rfd1 Qg5 18. Bxg7 Kxg7 19. Qc4 Nf4 20. Qc3+ f6 21.
Nc5 b6 22. Ne4 Qe5 23. Qxe5 fxe5 24. Rd6 Rb8 25. Nc3 Bb7 26. Bxb7 Rxb7 27. Rad1
Rff7 28. Rc6 Rbd7 29. Rxd7 Rxd7 30. g3 Nd5 31. Nxd5 exd5 32. Rxb6 d4 33. Rc6
Rd5 1-0

[Event "CAN/QC op"]
[Site "Montreal CAN"]
[Date "2002.07.18"]
[Round "7"]
[White "Schleifer, Michael"]
[Black "Panjwani, Raja"]
[Result "1-0"]
[WhiteElo "2362"]
[BlackElo "2065"]
[PlyCount "71"]
[EventDate "2002.07.13"]
[EventType "swiss"]
[EventRounds "9"]
[EventCountry "CAN"]

1. e4 d6 2. d4 Nf6 3. f3 Nbd7 4. Be3 e5 5. d5 Be7 6. c4 a5 7. Nc3 O-O 8. Bd3
Nc5 9. Bc2 Ne8 10. Qd2 f5 11. exf5 Bxf5 12. Bxf5 Rxf5 13. Nh3 c6 14. O-O Nc7
15. Bxc5 dxc5 16. Rad1 cxd5 17. Nxd5 Ne6 18. Qc2 Rf8 19. Nf6+ Bxf6 20. Rxd8
Rfxd8 21. Nf2 Rd4 22. Qf5 Ng5 23. Ng4 Rf8 24. Nxf6+ gxf6 25. f4 exf4 26. Qxc5
Rd2 27. Rxf4 Re8 28. h4 Re1+ 29. Kh2 Ne4 30. Qc8+ Kf7 31. Qxb7+ Kg6 32. Rxe4
Rb1 33. Rg4+ Kh6 34. Qg7+ Kh5 35. Rg5+ Kxh4 36. Qh6# 1-0

[Event "CAN/QC op"]
[Site "Montreal CAN"]
[Date "2002.07.21"]
[Round "10"]
[White "Panjwani, Raja"]
[Black "Gilman, Arkadiy"]
[Result "1-0"]
[WhiteElo "2065"]
[BlackElo "1977"]
[PlyCount "31"]
[EventDate "2002.07.13"]
[EventType "swiss"]
[EventRounds "9"]
[EventCountry "CAN"]

1. d4 d5 2. Nf3 Nf6 3. c4 c6 4. Nc3 e6 5. Bg5 Nbd7 6. e3 Be7 7. Bd3 h6 8. Bh4
O-O 9. O-O dxc4 10. Bxc4 b5 11. Bb3 a6 12. Ne5 Nxe5 13. dxe5 Nd7 14. Bxe7 Qxe7
15. f4 Nc5 16. Qc2 1-0

[Event "CYCC U12"]
[Site "Montreal CAN"]
[Date "2002.07.11"]
[Round "6"]
[White "Davies, Noam"]
[Black "Panjwani, Raja"]
[Result "0-1"]
[WhiteElo "1689"]
[BlackElo "2034"]
[PlyCount "64"]
[EventDate "2002.07.08"]
[EventType "swiss"]
[EventRounds "8"]
[EventCountry "CAN"]
[Source "CFC"]
[SourceDate "2002.08.??"]

1. e4 d6 2. d4 Nf6 3. Nc3 g6 4. Be3 c6 5. f3 b5 6. Bd3 a6 7. Qd2 Nbd7 8. Bh6
Bxh6 9. Qxh6 c5 10. dxc5 Nxc5 11. O-O-O Qa5 12. Kb1 Be6 13. Be2 Rc8 14. Nh3 b4
15. Nd5 Na4 16. Qd2 Nxd5 17. exd5 Nc3+ 18. bxc3 bxc3 19. Qc1 Rb8+ 20. Ka1 Bxd5
21. Rxd5 Qxd5 22. Rd1 Qa5 23. Bc4 Rb2 24. Bb3 O-O 25. Qh6 Qa3 26. Qc1 Rb8 27.
Bc4 e6 28. Nf4 Qa4 29. Rd4 R8b4 30. Bb3 Rxd4 31. Ne2 Qa3 32. Nxc3 Rxb3 0-1

[Event "Toronto op"]
[Site "Toronto CAN"]
[Date "2002.03.30"]
[Round "3"]
[White "Panjwani, Raja"]
[Black "Day, Lawrence"]
[Result "0-1"]
[WhiteElo "1904"]
[BlackElo "2456"]
[PlyCount "79"]
[EventDate "2002.03.29"]
[EventType "swiss"]
[EventRounds "6"]
[EventCountry "CAN"]

1. e4 c5 2. c4 g6 3. g3 Bg7 4. Nc3 Nc6 5. Bg2 Rb8 6. d3 a6 7. a4 d6 8. Nge2 Nf6
9. O-O O-O 10. f4 Ne8 11. h3 Nc7 12. Rb1 b5 13. axb5 axb5 14. b3 Nd4 15. Be3
Bd7 16. g4 e6 17. Bf2 f5 18. exf5 gxf5 19. gxf5 Nxf5 20. d4 cxd4 21. Nxd4 bxc4
22. bxc4 Rxb1 23. Nxb1 Ne7 24. Bh4 Qe8 25. Bxe7 Qxe7 26. Nc6 Bxc6 27. Bxc6 d5
28. cxd5 Qc5+ 29. Kh1 exd5 30. Qc1 Qd6 31. Rd1 Rf6 32. Nc3 Qxc6 33. Nxd5 Nxd5
34. Qxc6 Rxc6 35. Rxd5 Rc2 36. Rg5 Kf7 37. Rg2 Rc5 38. Rf2 Bd4 39. Re2 Kf6 40.
Kg2 0-1

[Event "CAN-ch U20 2002"]
[Site "Winnipeg CAN"]
[Date "2002.01.02"]
[Round "1"]
[White "Kwiatek, Jordan"]
[Black "Panjwani, Raja"]
[Result "0-1"]
[WhiteElo "1399"]
[BlackElo "1901"]
[PlyCount "79"]
[EventDate "2002.01.02"]
[EventType "swiss"]
[EventRounds "8"]
[EventCountry "CAN"]

1. e4 c5 2. Nf3 Nc6 3. d4 cxd4 4. Nxd4 g6 5. Nc3 Bg7 6. Bc4 Nxd4 7. Be3 Nc6 8.
Rf1 Qa5 9. Qd2 Nf6 10. O-O-O d6 11. Bh6 O-O 12. Bxg7 Kxg7 13. f4 Be6 14. Bxe6
fxe6 15. h3 d5 16. exd5 exd5 17. Qe2 d4 18. Ne4 Nxe4 19. Qxe4 Qxa2 20. g4 Qa1+
21. Kd2 Qxb2 22. f5 Qc3+ 23. Kc1 Qe3+ 24. Qxe3 dxe3 25. Rd7 gxf5 26. gxf5 Rad8
27. Rxb7 e2 28. Rg1+ Kf6 29. Rc7 Ne5 30. Rxa7 Nf3 31. Ra6+ Rd6 32. Rxd6+ exd6
33. Rh1 Rg8 34. c4 Rg2 35. c5 dxc5 36. h4 h5 37. Kb1 Rg1+ 38. Rxg1 Nxg1 39. Kc2
e1=Q 40. Kd3 0-1

[Event "CAN-ch U20 2002"]
[Site "Winnipeg CAN"]
[Date "2002.01.02"]
[Round "2"]
[White "Panjwani, Raja"]
[Black "Jiganchine, Roman"]
[Result "0-1"]
[WhiteElo "1901"]
[BlackElo "2245"]
[PlyCount "88"]
[EventDate "2002.01.02"]
[EventType "swiss"]
[EventRounds "8"]
[EventCountry "CAN"]

1. d4 d5 2. Nf3 Nf6 3. Bf4 Bf5 4. e3 c6 5. h3 Nbd7 6. c4 e6 7. Nc3 Be7 8. Bd3
Bxd3 9. Qxd3 O-O 10. O-O Qa5 11. a3 Qa6 12. Nd2 Rac8 13. Qe2 Rfd8 14. c5 Qxe2
15. Nxe2 Ne4 16. Nxe4 dxe4 17. Nc3 f5 18. b4 Bf6 19. Rad1 e5 20. dxe5 Nxe5 21.
Bxe5 Bxe5 22. Rxd8+ Rxd8 23. Rd1 Rxd1+ 24. Nxd1 Kf7 25. Kf1 Ke6 26. Ke2 Kd5 27.
Kd2 Kc4 28. Kc2 a5 29. bxa5 Kxc5 30. Kb3 Kb5 31. a4+ Kxa5 32. f3 exf3 33. gxf3
b5 34. axb5 Kxb5 35. Nf2 c5 36. e4 g6 37. Nd1 fxe4 38. fxe4 c4+ 39. Kc2 Kc5 40.
h4 Kd4 41. h5 gxh5 42. Kd2 Kxe4 43. Ke2 Bd4 44. Kf1 Kd3 0-1

[Event "CAN-ch U20 2002"]
[Site "Winnipeg CAN"]
[Date "2002.01.03"]
[Round "3"]
[White "Davies, Noam"]
[Black "Panjwani, Raja"]
[Result "1-0"]
[WhiteElo "1670"]
[BlackElo "1901"]
[PlyCount "127"]
[EventDate "2002.01.02"]
[EventType "swiss"]
[EventRounds "8"]
[EventCountry "CAN"]

1. e4 c5 2. Nc3 Nc6 3. g3 g6 4. Bg2 Bg7 5. f4 d6 6. Nf3 Rb8 7. d3 b5 8. O-O Nd4
9. Ne2 Bg4 10. c3 Nxe2+ 11. Qxe2 b4 12. Bd2 Qa5 13. Rfc1 e6 14. h3 Bxf3 15.
Bxf3 Ne7 16. g4 O-O 17. Kh1 Rb6 18. f5 Nc6 19. Qf2 Rfb8 20. Bg2 bxc3 21. Bxc3
Bxc3 22. bxc3 Rb2 23. Qf4 e5 24. Qh6 Qd8 25. Rf1 Qf8 26. Qe3 Rc2 27. Rfc1 Rbb2
28. Rxc2 Rxc2 29. Qe1 Qh6 30. a4 Qd2 31. Qxd2 Rxd2 32. Bf1 Rc2 33. Ra3 Na5 34.
Kg1 gxf5 35. exf5 Kg7 36. g5 Rd2 37. h4 f6 38. Ra1 Rb2 39. Ra3 Nb3 40. Bg2 Nd2
41. c4 Nb3 42. Bd5 Nd4 43. Be4 a5 44. Ra1 Nc2 45. Rc1 Nb4 46. Rf1 Ra2 47. h5 h6
48. gxf6+ Kxf6 49. Rf3 Ra1+ 50. Kh2 Ra2+ 51. Kh3 Ra1 52. Rg3 Rxa4 53. Rg6+ Ke7
54. Rxh6 Nxd3 55. f6+ Kf8 56. Bg6 Nf4+ 57. Kg4 Nxg6 58. hxg6 Rxc4+ 59. Kf5 Kg8
60. f7+ Kg7 61. Rh7+ Kf8 62. Rh8+ Ke7 63. f8=Q+ Kd7 64. Qc8+ 1-0

[Event "CAN-ch U20 2002"]
[Site "Winnipeg CAN"]
[Date "2002.01.03"]
[Round "4"]
[White "Panjwani, Raja"]
[Black "Vincent, Trevor"]
[Result "0-1"]
[WhiteElo "1901"]
[BlackElo "1694"]
[PlyCount "70"]
[EventDate "2002.01.02"]
[EventType "swiss"]
[EventRounds "8"]
[EventCountry "CAN"]

1. e4 c5 2. c4 Nc6 3. Nc3 g6 4. g3 Bg7 5. Bg2 Nf6 6. Nge2 O-O 7. O-O d6 8. d3
e5 9. f4 Rb8 10. h3 a6 11. a4 Nd4 12. g4 h6 13. f5 g5 14. Bf3 Kh7 15. Bd2 Bd7
16. Nxd4 cxd4 17. Ne2 b5 18. axb5 axb5 19. b4 Bc6 20. Ng3 Nd7 21. Ra6 Qc7 22.
Qb3 Qb7 23. Rfa1 bxc4 24. dxc4 Nc5 25. Qc2 Nxa6 26. b5 Bxb5 27. cxb5 Qxb5 28.
Be2 Nb4 29. Qc1 d3 30. Bxb4 Qxb4 31. h4 dxe2 32. Nxe2 gxh4 33. Kh2 Qxe4 34. Ra2
Rb1 35. Qd2 Rh1# 0-1

[Event "CAN-ch U20 2002"]
[Site "Winnipeg CAN"]
[Date "2002.01.04"]
[Round "5"]
[White "Kazmaier, Daniel"]
[Black "Panjwani, Raja"]
[Result "0-1"]
[WhiteElo "1772"]
[BlackElo "1901"]
[PlyCount "80"]
[EventDate "2002.01.02"]
[EventType "swiss"]
[EventRounds "8"]
[EventCountry "CAN"]

1. e4 c5 2. Nc3 Nc6 3. g3 g6 4. Bg2 Bg7 5. f4 d6 6. Nf3 Rb8 7. a4 a6 8. O-O b5
9. axb5 axb5 10. Re1 e6 11. h3 Nd4 12. Nxd4 Bxd4+ 13. Kh2 Qf6 14. Qf3 h5 15. e5
dxe5 16. Qc6+ Bd7 17. Qd6 Rd8 18. Bc6 exf4 19. Bxd7+ Rxd7 20. Ra8+ Rd8 21. gxf4
Rxa8 22. Qc6+ Kf8 23. Qxa8+ Kg7 24. Qe4 b4 25. Nb5 Bxb2 26. Nd6 Nh6 27. Bxb2
Qxb2 28. Qe5+ Qxe5 29. Rxe5 Rd8 30. Ne4 c4 31. Kg1 Rb8 32. Nd6 b3 33. cxb3 cxb3
34. Rb5 Rxb5 35. Nxb5 b2 36. Nc3 Kf6 37. Kf2 Kf5 38. Kf3 Ng8 39. h4 Nf6 40. Kg3
Ne4+ 0-1

[Event "CAN-ch U20 2002"]
[Site "Winnipeg CAN"]
[Date "2002.01.04"]
[Round "6"]
[White "Panjwani, Raja"]
[Black "Lafreniere, Adrian"]
[Result "0-1"]
[WhiteElo "1901"]
[BlackElo "1721"]
[PlyCount "83"]
[EventDate "2002.01.02"]
[EventType "swiss"]
[EventRounds "8"]
[EventCountry "CAN"]

1. e4 e6 2. d4 g6 3. Bd3 Bg7 4. Ne2 Ne7 5. Be3 Nbc6 6. Qd2 O-O 7. c3 d5 8. Bh6
Bd7 9. h4 dxe4 10. Bxe4 f5 11. Bc2 Nd5 12. Na3 a6 13. Bxg7 Kxg7 14. Nf4 Qf6 15.
Nxd5 exd5 16. f4 Rae8+ 17. Kf2 Ne7 18. g3 Ng8 19. Rae1 Qf7 20. Bd1 Nf6 21. Bf3
Ne4+ 22. Bxe4 fxe4 23. Ke3 Bg4 24. Rhf1 Re6 25. c4 Rf6 26. cxd5 Bf3 27. Nc4
Qxd5 28. b3 Rd8 29. Ne5 Bg2 30. Rf2 Bh3 31. g4 c5 32. Rd1 Rfd6 33. Rh2 cxd4+
34. Ke2 Qb5+ 35. Nd3 Bxg4+ 36. Kf1 Bxd1 37. Qxd1 exd3 38. Kf2 Qf5 39. Qf3 Re8
40. Qxb7+ Rd7 41. Qc6 Qxf4+ 42. Kg1 0-1

[Event "CAN-ch U20 2002"]
[Site "Winnipeg CAN"]
[Date "2002.01.05"]
[Round "7"]
[White "Charter, Bennet"]
[Black "Panjwani, Raja"]
[Result "0-1"]
[WhiteElo "1827"]
[BlackElo "1938"]
[PlyCount "62"]
[EventDate "2002.01.02"]
[EventType "swiss"]
[EventRounds "8"]
[EventCountry "CAN"]

1. e4 d6 2. d4 Nf6 3. Nc3 g6 4. Nf3 Bg7 5. Be2 O-O 6. O-O Nc6 7. h3 e5 8. Be3
Nd7 9. d5 Ne7 10. Qd2 f5 11. Bg5 f4 12. Bc4 h6 13. Bxe7 Qxe7 14. Rad1 g5 15.
Nh2 h5 16. Be2 Nf6 17. Rc1 Kf7 18. Nf3 g4 19. Ne1 gxh3 20. Qd1 Rh8 21. g3 Ng4
22. Bxg4 hxg4 23. Kh2 Bh6 24. Nd3 Kg6 25. Rb1 Bd7 26. a4 a6 27. b4 Raf8 28. Qe2
Rf6 29. b5 Rhf8 30. a5 axb5 31. Nxb5 fxg3+ 0-1

[Event "CAN-ch U20 2002"]
[Site "Winnipeg CAN"]
[Date "2002.01.06"]
[Round "8"]
[White "Panjwani, Raja"]
[Black "Eshleman, Brandon"]
[Result "1-0"]
[WhiteElo "1938"]
[BlackElo "1826"]
[PlyCount "51"]
[EventDate "2002.01.02"]
[EventType "swiss"]
[EventRounds "8"]
[EventCountry "CAN"]

1. e4 e5 2. Nf3 Nc6 3. d4 exd4 4. Bc4 Bc5 5. c3 Nge7 6. Ng5 d5 7. exd5 Na5 8.
Qa4+ c6 9. dxc6 O-O 10. Nxf7 Rxf7 11. Bxf7+ Kxf7 12. b4 Nexc6 13. O-O Bd6 14.
bxa5 Qh4 15. g3 Qh3 16. Nd2 Bg4 17. Ne4 Kf8 18. f3 Bxg3 19. fxg4+ Kg8 20. Nxg3
Ne5 21. Qb3+ Kh8 22. Qxb7 Rg8 23. cxd4 Nxg4 24. Qg2 Qh4 25. Rf4 Qg5 26. Rf8 1-0